000 00295nam a22001337a 4500
008 170426b xxu||||| |||| 00| 0 eng d
020 _a0721671193
041 _aeng
080 _a54
100 _a12
101 _aSHM
245 _aINTRODUCTION TO SPECTROSCOPY
_cPAVIA.D.L
942 _2udc
_cBK
999 _c12082
_d12082